[Event "Wch U16"]
[Site "Oropesa del Mar"]
[Date "1998.10.27"]
[Round "3"]
[White "Handke, Florian"]
[Black "Grigutavicius, Dainius"]
[Result "0-1"]
[WhiteElo "2310"]
[BlackElo "2135"]

1.d4 Nf6 2.c4 g6 3.Nc3 d5 4.cxd5 Nxd5 5.e4 Nxc3 6.bxc3 Bg7 7.Nf3 c5 8.Rb1 O-O
9.Be2 Nc6 10.d5 Ne5 11.Nxe5 Bxe5 12.Qd2 e6 13.f4 Bc7 14.O-O exd5 15.exd5 Ba5
16.Ba3 b6 17.Rb3 Re8 18.Bb2 Bb7 19.Bf3 c4 20.Rb4 Rc8 21.Qd4 b5 22.Kh1 Bb6
23.Qd1 a6 24.Bc1 Ba5 25.Qd4 Bxb4 26.cxb4 c3 27.f5 Rc4 28.Qd3 Qh4 29.fxg6 hxg6
30.d6 Be4 31.d7 Rd8 32.Bxe4 Qxe4 33.Qd6 Qe6 34.Qg3 Qxd7 35.Bg5 Re8 36.Bf6 Qg4
37.Qd3 c2 38.Rc1 Re2  0-1

[Event "Panormo zt"]
[Site "Panormo"]
[Date "1998.10.28"]
[Round "5"]
[White "Moutousis, Konstantinos"]
[Black "Tosic, Miroslav"]
[Result "0-1"]
[WhiteElo "2475"]
[BlackElo "2525"]

1.d4 Nf6 2.c4 g6 3.Nc3 d5 4.cxd5 Nxd5 5.e4 Nxc3 6.bxc3 Bg7 7.Nf3 c5 8.Rb1 O-O
9.Be2 b6 10.O-O Bb7 11.Qd3 Qc8 12.d5 e5 13.c4 Na6 14.Bb2 f6 15.h3 Qc7 16.a3 Rad8
17.Qc2 Bc8 18.Rbe1 Qd6 19.Nh2 Nb8 20.Bd1 Rde8 21.Qc1 Bd7 22.Bc3 Bc8 23.Qb2 h5
24.Re3 Bh6 25.Ree1 Kh7 26.Bd2 Bxd2 27.Qxd2 Ba6 28.Be2 Nc6 29.Bd3 Na5 30.Qe2 Kg7
31.h4 Rf7 32.g3 Nb3 33.f4 Nd4 34.Qg2 Bc8 35.Rf2 Qd7 36.f5 gxf5 37.exf5 Rg8
38.Re3 Kf8 39.Qf1 Rfg7 40.Kg2 Qd6 41.Be4 Bd7 42.Qd1 Be8 43.Rb2 Qd7 44.Rf2 Ke7
45.Qb1 Kd6 46.Ra2 Qa4 47.Rc3 Qa5 48.Qc1 Ba4 49.Kh3 Bd1 50.Rf2 Ne2 51.Rxe2 Bxe2
52.Kg2 Bxc4 53.Rxc4 Rxg3+ 54.Kf2 b5 55.Rc2 c4 56.Nf1 Qb6+ 57.Ne3 Qd4 58.Qe1 a5
59.a4 Qxe4 60.Nxc4+ Qxc4 61.Rxc4 Rg2+ 62.Kf3 bxc4 63.Qf1 R8g3+ 64.Ke4 Rd2
65.Qd3 Rg4+  0-1

[Event "USA-ch (Women)"]
[Site "Denver"]
[Date "1998.10.31"]
[Round "1"]
[White "Sagalchik, Olga"]
[Black "Shahade, Jennifer"]
[Result "0-1"]
[WhiteElo "2140"]
[BlackElo "2185"]

1.d4 Nf6 2.c4 g6 3.Nc3 d5 4.cxd5 Nxd5 5.e4 Nxc3 6.bxc3 Bg7 7.Nf3 c5 8.Rb1 O-O
9.Be2 Nc6 10.Be3 cxd4 11.cxd4 Qa5+ 12.Bd2 Qxa2 13.d5 Ne5 14.O-O Rd8 15.Rb4 Nxf3+
16.Bxf3 b6 17.Be2 Ba6 18.Re1 Bxe2 19.Rxe2 Qa6 20.Bg5 Qb7 21.h4 Rac8 22.Ra2 Rd7
23.h5 e6 24.Qg4 exd5 25.exd5 Re8 26.Re4 Rc8 27.Qe2 h6 28.Re8+ Rxe8 29.Qxe8+ Kh7
30.hxg6+ fxg6 31.Be3 Rxd5 32.Ra4 Qd7 33.Qe4 Rh5 34.Qc2 Rd5 35.Rh4 Qf5 36.Qc1 Qd3
37.Bxh6 Qd1+ 38.Kh2 Qxc1 39.Bxc1+ Rh5 40.Kg3 Rxh4 41.Kxh4 Bc3 42.Be3 b5 43.Bxa7 b4
44.Bc5 b3 45.Ba3 b2 46.Bxb2 Bxb2 47.g4 Bc1 48.g5 Kg7  0-1

[Event "USA-ch Gr-A"]
[Site "Denver"]
[Date "1998.10.31"]
[Round "1"]
[White "Christiansen, Larry Mark"]
[Black "Kudrin, Sergey"]
[Result "1/2-1/2"]
[WhiteElo "2610"]
[BlackElo "2540"]

1.d4 Nf6 2.c4 g6 3.Nc3 d5 4.cxd5 Nxd5 5.e4 Nxc3 6.bxc3 Bg7 7.Bc4 c5 8.Ne2 O-O
9.O-O Nc6 10.Be3 Bg4 11.f3 Na5 12.Bd3 cxd4 13.cxd4 Be6 14.Rc1 Bxa2 15.Qa4 Be6
16.d5 Bd7 17.Qb4 e6 18.Nc3 exd5 19.Nxd5 Be6 20.Rfd1 Bxd5 21.exd5 Re8 22.Bf2 Bf8
23.Qb2 Bh6 24.Rb1 Be3 25.Bb5 Bxf2+ 26.Qxf2 Re5 27.d6 a6 28.Bf1 b5 29.Rbc1 Re6
30.d7 Re7 31.Qa2 Nc4 32.Bxc4 bxc4 33.Qa4 Ra7 34.Rd4 Raxd7 35.Rdxc4 Qb6+ 36.Kh1 Rd2
37.Qa1 Qb2 38.Qxb2 Rxb2 39.h4 Ree2 40.Rg1 a5 41.Ra4 Ra2 42.Rf4 Kg7 43.Kh2 a4
44.Kh3 Re7 45.Rb1 a3 46.Ra4 Rb2 47.Ra1 Ree2 48.R4xa3 Rxg2 49.Rh1 f5 50.Raa1 Kh6
51.Rhg1 Rxg1 52.Rxg1 Rb3 53.Kg3 Kh5 54.Rf1 Rb4 55.Rh1 Ra4 56.Rh2 f4+ 57.Kh3 Ra1
58.Rb2 Rh1+ 59.Kg2 Rxh4 60.Rb7 Kh6 61.Rf7 Kg5 62.Rf8 Kh6 63.Rf7 g5 64.Ra7 Kg6
65.Ra6+ Kf7 66.Ra7+ Ke6 67.Ra6+ Kd7 68.Ra7+ Kc6 69.Ra8 Rh5 70.Ra6+ Kb5 71.Rf6 Kc4
72.Rc6+ Kd4 73.Rd6+ Ke5 74.Ra6  1/2-1/2

[Event "Corsican op"]
[Site "Bastia"]
[Date "1998.11.02"]
[Round "5"]
[White "Agrest, Evgenij"]
[Black "Moingt, Jean Claude"]
[Result "1-0"]
[WhiteElo "2545"]
[BlackElo "2290"]

1.c4 g6 2.d4 Nf6 3.Nc3 d5 4.cxd5 Nxd5 5.e4 Nxc3 6.bxc3 Bg7 7.Nf3 O-O 8.Be2 c5
9.Rb1 cxd4 10.cxd4 Qa5+ 11.Bd2 Qxa2 12.O-O Bg4 13.Bg5 Bf6 14.Bxf6 exf6 15.Rxb7 Nc6
16.d5 Bxf3 17.gxf3 Rfd8 18.Re1 a5 19.Rc7 Nb4 20.Bc4 Qb2 21.d6 Rf8 22.f4 a4
23.Re2 a3 24.Kg2 Rfb8 25.Bxf7+ Kh8 26.Rxb2 axb2 27.Qd4  1-0

[Event "Chigorin mem"]
[Site "St. Petersburg"]
[Date "1998.11.02"]
[Round "3"]
[White "Feoktistov, Alexey A"]
[Black "Rogovoi, Mark"]
[Result "1/2-1/2"]
[WhiteElo "2405"]
[BlackElo "2225"]

1.d4 Nf6 2.c4 g6 3.Nc3 d5 4.cxd5 Nxd5 5.e4 Nxc3 6.bxc3 Bg7 7.Nf3 O-O 8.Be2 c5
9.O-O cxd4 10.cxd4 Nc6 11.Be3 Bg4 12.d5 Bxf3 13.gxf3 Bxa1 14.Qxa1 Na5 15.Bh6 f6
16.Bxf8 Kxf8 17.Rc1 Rc8 18.f4 Rxc1+ 19.Qxc1 Qd6 20.Qe3 b6 21.Ba6 e6 22.dxe6 Qd1+
23.Bf1 Qg4+ 24.Qg3 Qxe6 25.f5 gxf5 26.Qb8+ Qe8 27.Qxa7 Qxe4 28.h3 Qb7 29.Qxb7 Nxb7
30.Bd3 Nd6 31.Kg2 Kf7 32.Kf3 Ke6 33.Kf4 Ne4 34.f3 Nc3 35.Bc4+ Nd5+ 36.Bxd5+ Kxd5
37.Kxf5 Kd4 38.f4 Ke3 39.a4 h5 40.h4 Kf3 41.Kg6 Kxf4 42.Kxh5 f5 43.Kg6 Ke4
44.h5 f4 45.h6 f3 46.h7 f2 47.h8=Q f1=Q 48.Qe8+ Kd5 49.Qd7+ Kc5  1/2-1/2

[Event "Chigorin mem"]
[Site "St. Petersburg"]
[Date "1998.11.02"]
[Round "3"]
[White "Aleksandrov, Danila"]
[Black "Belov, Vladimir"]
[Result "0-1"]
[WhiteElo "2240"]
[BlackElo "2355"]

1.d4 Nf6 2.c4 g6 3.Nc3 d5 4.cxd5 Nxd5 5.e4 Nxc3 6.bxc3 Bg7 7.Nf3 c5 8.Be3 Nc6
9.Be2 Bg4 10.d5 Bxf3 11.gxf3 Bxc3+ 12.Kf1 Bxa1 13.Qxa1 Nd4 14.Bb5+ Kf8 15.Kg2 f6
16.Bd3 Qd6 17.Rc1 Kg7 18.Qb2 Rab8 19.Qd2 e5 20.dxe6 Nxe6 21.Bh6+ Kf7 22.Qe3 g5
23.Bc2 Qd4 24.Qe1 Kg6 25.e5+ Kxh6 26.exf6 Qxf6 27.Qe3 Rhe8 28.Kh1 Qf4  0-1

[Event "Tilburg Fontys"]
[Site "Tilburg"]
[Date "1998.11.02"]
[Round "9"]
[White "Sadler, Matthew"]
[Black "Svidler, Peter"]
[Result "1/2-1/2"]
[WhiteElo "2660"]
[BlackElo "2710"]

1.d4 Nf6 2.c4 g6 3.Nc3 d5 4.cxd5 Nxd5 5.e4 Nxc3 6.bxc3 Bg7 7.Be3 c5 8.Rc1 Qa5
9.Qd2 cxd4 10.cxd4 Qxd2+ 11.Kxd2 O-O 12.Bd3 Nc6 13.Ne2 Rd8 14.Rc4 f5 15.Rb1 Be6
16.Ra4 fxe4 17.Bxe4 Rd7 18.d5 Bxd5 19.Rxb7 Rad8 20.Rxd7 Rxd7 21.Bxd5+ Rxd5+
22.Kc2 a5 23.a3 Kf7 24.Rc4 Ne5 25.Rc5 Rxc5+ 26.Bxc5 Ke6 27.Kb3 Nd3 28.Bb6 Kd5
29.Nc3+  1/2-1/2

[Event "Chigorin mem"]
[Site "St. Petersburg"]
[Date "1998.11.04"]
[Round "5"]
[White "Nikolaev, Nikita"]
[Black "Yandemirov, Valeri"]
[Result "0-1"]
[WhiteElo "2325"]
[BlackElo "2470"]

1.d4 Nf6 2.c4 g6 3.Nc3 d5 4.cxd5 Nxd5 5.e4 Nxc3 6.bxc3 Bg7 7.Bc4 O-O 8.Ne2 Nc6
9.O-O Na5 10.Bd3 c5 11.Be3 b6 12.dxc5 bxc5 13.Bxc5 Qc7 14.Bd4 e5 15.Be3 Nc4
16.Bxc4 Qxc4 17.Qd5 Qxd5 18.exd5 Ba6 19.Rfe1 Rfd8 20.Rad1 Bc4 21.d6 Bxa2
22.Ra1 Bc4 23.Ng3 Rxd6 24.Rxa7 Rxa7 25.Bxa7 f5 26.f3 Kf7 27.Nf1 f4 28.Re4 Rc6
29.Re1 Bxf1 30.Kxf1 Rxc3 31.Kf2 Ke6 32.Re2 Rd3 33.g3 g5 34.g4 Bf8 35.Kg2 h5
36.h3 h4 37.Bf2 Bb4 38.Bb6 Bd2 39.Kf2 Bc3 40.Kg2 Kd7 41.Bf2 Kc6 42.Bg1 Bd4
43.Bf2 Kd5 44.Ra2 Kc4 45.Rc2+ Kb3 46.Re2 Rc3 47.Be1 Rc1 48.Ba5 Rc8 49.Kh2 Ra8
50.Bc7 Kc4 51.Bd6 Kd3 52.Re4 Ra2+ 53.Kh1 Re2  0-1

[Event "Bastia sim"]
[Site "Bastia"]
[Date "1998.11.05"]
[Round "?"]
[White "Karpov, Anatoly"]
[Black "Galli, Jean Christ"]
[Result "1-0"]
[WhiteElo "2725"]
[BlackElo "2175"]

1.d4 Nf6 2.c4 g6 3.Nc3 d5 4.cxd5 Nxd5 5.e4 Nxc3 6.bxc3 Bg7 7.Be3 c5 8.Qd2 Qa5
9.Rb1 a6 10.Rc1 O-O 11.d5 Rd8 12.Nf3 Nc6 13.Be2 e6 14.O-O exd5 15.exd5 Ne7
16.c4 Qxd2 17.Nxd2 Re8 18.Bf3 Bf5 19.Bxc5 Bd3 20.Rfe1 Nf5 21.Be4 Bxe4 22.Nxe4 b5
23.d6 bxc4 24.Rxc4 Rab8 25.Kf1 Red8 26.Ra4 Ra8 27.Rb1 Be5 28.Rb6 a5 29.g3 Ng7
30.f4 Ba1 31.Rb7 Ne6 32.Bb6 Rab8 33.Rxb8 Rxb8 34.Bxa5 f5 35.Ng5 Nc5 36.Rc4 Rb1+
37.Ke2 Rb2+ 38.Ke3 Rb5 39.Bb4 Nd7 40.Rc8+ Kg7 41.Rc7 Rxb4 42.Rxd7+ Kg8 43.Nxh7  1-0

[Event "POL-chT"]
[Site "Lubniewice"]
[Date "1998.11.07"]
[Round "7"]
[White "Khenkin, Igor"]
[Black "Macieja, Bartlomiej"]
[Result "1/2-1/2"]
[WhiteElo "2600"]
[BlackElo "2490"]

1.d4 Nf6 2.c4 g6 3.Nc3 d5 4.cxd5 Nxd5 5.e4 Nxc3 6.bxc3 Bg7 7.Nf3 O-O 8.Be3 c5
9.Rc1 cxd4 10.cxd4 Bg4 11.Be2 Qa5+ 12.Qd2 Qxd2+ 13.Nxd2 Bxe2 14.Kxe2 Na6
15.Rc4 Rfc8 16.Ra4 Nc7 17.Rb1 b6 18.Kd3 f5 19.f3 Ne6 20.d5 fxe4+ 21.fxe4 Nf8
22.Nc4 e6 23.Bd4 exd5 24.exd5 Nd7  1/2-1/2

[Event "SLO-chT"]
[Site "Bled"]
[Date "1998.11.08"]
[Round "2"]
[White "Jelen, Igor"]
[Black "Navinsek, Thomaz"]
[Result "1-0"]
[WhiteElo "2345"]
[BlackElo "2320"]

1.d4 Nf6 2.c4 g6 3.Nc3 d5 4.cxd5 Nxd5 5.e4 Nxc3 6.bxc3 Bg7 7.Nf3 O-O 8.Be2 c5
9.O-O b6 10.Bg5 Bb7 11.Qc2 Qc7 12.d5 f5 13.Bc4 Kh8 14.exf5 b5 15.Bxb5 Bxd5
16.fxg6 Nc6 17.Be2 h6 18.Bh4 e6 19.Qd2 Qa5 20.Rac1 c4 21.Qe3 Rf5 22.Bg3 Raf8
23.Nd4 Nxd4 24.cxd4 Rc8 25.Rc3 Qxa2 26.Be5 Rg5 27.Bf3 Bxe5 28.dxe5 Qa5 29.Qf4 Rxg6
30.Rfc1 Rcg8 31.g3 Qb4 32.Bh5 Rg5 33.Qf6+ Kh7 34.Bd1 Rf8 35.Bc2+ Kg8 36.Qxh6 Rg7
37.Bg6 a5 38.h4 Qc5 39.Re3 Qd4 40.Rce1 c3 41.Qh5 a4 42.Rd1 Qa7 43.Rxd5 exd5
44.e6 d4 45.Re5 Rxg6 46.Qxg6+ Qg7 47.Qe4 c2 48.Rc5 d3 49.Qxd3 Qa1+ 50.Kg2  1-0

[Event "Young Masters 5th"]
[Site "Loures"]
[Date "1998.11.08"]
[Round "6"]
[White "Guerra, Victor"]
[Black "Moreno, Javier"]
[Result "0-1"]
[WhiteElo "2195"]
[BlackElo "2430"]

1.d4 Nf6 2.c4 g6 3.Nc3 d5 4.cxd5 Nxd5 5.e4 Nxc3 6.bxc3 Bg7 7.Be3 c5 8.Nf3 Qa5
9.Qb3 O-O 10.Rc1 cxd4 11.Bxd4 Nc6 12.Bxg7 Kxg7 13.Be2 b6 14.O-O Bg4 15.Rfd1 Bxf3
16.Bxf3 Rad8 17.Rd5 Rxd5 18.exd5 Ne5 19.Be2 Rc8 20.h4 h5 21.Bb5 Kg8 22.a4 a6
23.Be2 Nd7 24.c4 Qd2 25.Rc2 Qe1+ 26.Bf1 Qe4 27.Re2 Qxh4 28.a5 Qf6 29.axb6 Nxb6
30.Ra2 Qd4 31.Rxa6 Nxc4 32.Rc6 Nd6 33.Rxc8+ Nxc8 34.Qb8 Qc3 35.Ba6 Qa1+ 36.Bf1 Qc1
37.g3 Kg7 38.Qe5+ Kh7 39.Kg2 Qc5 40.Bd3 Kg8 41.Be4 Qd6 42.Qc3 Nb6 43.Qb3 Nd7
44.Bf3 Nf6 45.Qd1 Qe5 46.Kg1 Kg7 47.Kf1 Ne8 48.Qd3 Nd6 49.Qd1 Nf5 50.g4 hxg4
51.Bxg4 Nd4 52.Bf3 Qf4 53.Bg2 g5 54.Kg1 Qc1  0-1

[Event "ISR-ch"]
[Site "Ramat Aviv"]
[Date "1998.11.09"]
[Round "1.2"]
[White "Botvinnik, Ilia"]
[Black "Mikhalevski, Victor"]
[Result "1/2-1/2"]
[WhiteElo "2375"]
[BlackElo "2540"]

1.d4 Nf6 2.c4 g6 3.Nc3 d5 4.cxd5 Nxd5 5.e4 Nxc3 6.bxc3 Bg7 7.Bc4 c5 8.Ne2 Nc6
9.Be3 cxd4 10.cxd4 Qa5+ 11.Kf1 Bd7 12.Rb1 Rc8 13.f3 Qa3 14.Qd3 Qxd3 15.Bxd3 Rc7
16.Kf2 O-O 17.Rhc1 Rfc8 18.Bb5 a6 19.Bxc6 Bxc6 20.Bf4 e5 21.Bxe5 Bxe5 22.dxe5 Re7
23.Rc5 Rce8 24.Nd4  1/2-1/2

[Event "SLO-chT"]
[Site "Bled"]
[Date "1998.11.12"]
[Round "6"]
[White "Rusjan, Miran"]
[Black "Gomboc, Miha"]
[Result "1-0"]
[WhiteElo "2205"]
[BlackElo "2120"]

1.d4 Nf6 2.c4 g6 3.Nc3 d5 4.cxd5 Nxd5 5.e4 Nxc3 6.bxc3 Bg7 7.Ba3 O-O 8.Bc4 c5
9.Bxc5 Qc7 10.Qd3 Rd8 11.Qg3 e5 12.Bd5 Nd7 13.Ne2 Nf6 14.c4 Nxd5 15.cxd5 Qa5+
16.Qc3 Qxc3+ 17.Nxc3 b6 18.Be7 Rd7 19.d6 exd4 20.Nd5 Bb7 21.Kd1 Bxd5 22.exd5 Be5
23.Re1 Bxd6 24.Bxd6 Rxd6 25.Rc1 Rd7 26.d6 Kf8 27.Re4 Rad8 28.Rc7 Rxc7 29.dxc7 Rc8
30.Rxd4 Rxc7 31.Re4 Rc5 32.h4 Ra5 33.a4 Rh5 34.f3 Rc5 35.Kd2 Kg7 36.Kd3 Kf6
37.g4 Kg7 38.Re7 Ra5 39.Re4 h5 40.g5 Rf5 41.Ke3 Kf8 42.Ke2 Rd5 43.Ke3 Rd7
44.Rc4 Ke7 45.Rc6 Kd8 46.Rf6 Ke7 47.Rc6 Kd8 48.Rf6 Kc7 49.f4 Kb7 50.f5 Ka6
51.fxg6 fxg6 52.Rxg6 Ka5 53.Rf6 Kxa4 54.g6 Rg7 55.Kf4 b5 56.Ra6+ Kb3 57.Kg5 b4
58.Kh6 Rb7 59.g7 Rb8 60.Kh7 Rb7 61.Kh8 Rb8+  1-0

[Event "Young Masters 5th"]
[Site "Loures"]
[Date "1998.11.12"]
[Round "10"]
[White "Del Rio, Salvador Gabriel"]
[Black "Costa, Fernando JM"]
[Result "1-0"]
[WhiteElo "2365"]
[BlackElo "2115"]

1.d4 Nf6 2.c4 g6 3.Nc3 d5 4.cxd5 Nxd5 5.e4 Nxc3 6.bxc3 Bg7 7.Nf3 c5 8.Rb1 O-O
9.Be2 cxd4 10.cxd4 Qa5+ 11.Bd2 Qxa2 12.O-O b6 13.Bg5 Ba6 14.Re1 Bxe2 15.Rxe2 Qe6
16.d5 Qd7 17.Ra2 Qb7 18.Nd4 Re8 19.Rc2 Nd7 20.Nc6 Bf6 21.Bf4 Rac8 22.e5 Bg7
23.Bg5 f6 24.e6 Nf8 25.Bf4 Nxe6 26.dxe6 Rxc6 27.Qd7 Qxd7 28.exd7 Rd8 29.Rxc6 Rxd7
30.Rc7 Rd4 31.Be3 Ra4 32.Rxe7 f5 33.Rc1 f4 34.Rc8+ Bf8 35.Bc1 Rd4 36.Kf1 Rd1+
37.Re1 Rd4 38.Ba3  1-0

[Event "ISR-ch"]
[Site "Ramat Aviv"]
[Date "1998.11.12"]
[Round "3.1"]
[White "Golod, Vitali"]
[Black "Liss, Eran"]
[Result "1-0"]
[WhiteElo "2555"]
[BlackElo "2505"]

1.d4 Nf6 2.c4 g6 3.Nc3 d5 4.cxd5 Nxd5 5.e4 Nxc3 6.bxc3 Bg7 7.Bc4 c5 8.Ne2 Nc6
9.Be3 O-O 10.O-O Bg4 11.f3 cxd4 12.cxd4 Na5 13.Bxf7+ Rxf7 14.fxg4 Rxf1+ 15.Kxf1 e5
16.d5 Qh4 17.d6 Nc6 18.Qb3+ Kh8 19.Qxb7 Rf8+ 20.Kg1 Nd4 21.Qb2 Qf6 22.d7 Qd6
23.Nxd4 exd4 24.Rd1 d3 25.Qb3 Qxd7 26.Qxd3 Qa4 27.Rd2 h6 28.Bd4 Re8 29.Bxg7+ Kxg7
30.Qc3+ Kg8 31.Rd4 Qxa2 32.Rd7 Qb1+ 33.Kf2 Rf8+ 34.Kg3 Qb8+ 35.Kh3 Rf7 36.Qc4 Qf4
37.g3 Qf1+ 38.Qxf1 Rxf1 39.Rxa7 Rf2 40.g5 h5 41.Ra6 Kg7 42.Ra7+ Kf8 43.Ra8+ Kg7
44.Ra7+ Kg8 45.Ra6 Kg7 46.Rf6 Re2 47.Rf4 Kg8 48.g4 h4 49.Kxh4 Re3 50.Rf6 Kg7
51.h3 Kh7 52.Re6 Kg7 53.e5 Kh7 54.Re7+ Kg8 55.e6 Kf8 56.Rf7+ Kg8 57.Rf2 Kg7
58.Rf7+ Kg8 59.Rf4 Kg7 60.Rf6 Kh7 61.e7  1-0

[Event "ISR-ch"]
[Site "Ramat Aviv"]
[Date "1998.11.15"]
[Round "4.1"]
[White "Tyomkin, Dimitri"]
[Black "Liss, Eran"]
[Result "0-1"]
[WhiteElo "2465"]
[BlackElo "2505"]

1.d4 Nf6 2.c4 g6 3.Nc3 d5 4.cxd5 Nxd5 5.e4 Nxc3 6.bxc3 Bg7 7.Bc4 c5 8.Ne2 Nc6
9.Be3 O-O 10.O-O Bg4 11.f3 cxd4 12.cxd4 Na5 13.Bxf7+ Rxf7 14.fxg4 Rxf1+ 15.Kxf1 e5
16.d5 Nc4 17.Qd3 b5 18.Ng1 Bf8 19.Nf3 Bd6 20.Bf2 Qa5 21.Kg1 Rc8 22.Ng5 Qd2
23.Qxd2 Nxd2 24.Be3 Nc4 25.Bxa7 Ra8 26.Bf2 b4 27.Rc1 Rxa2 28.Rxc4 Ra1+ 29.Be1 b3
30.Rc8+ Kg7 31.Kf2 b2 32.Ne6+ Kf7  0-1

[Event "Bundesliga 9899"]
[Site "Germany"]
[Date "1998.11.22"]
[Round "4.4"]
[White "Boensch, Uwe"]
[Black "Roos, Daniel"]
[Result "1-0"]
[WhiteElo "2545"]
[BlackElo "2430"]

1.d4 Nf6 2.c4 g6 3.Nc3 d5 4.cxd5 Nxd5 5.e4 Nxc3 6.bxc3 Bg7 7.Be3 c5 8.Qd2 Nd7
9.Rb1 Qc7 10.Bd3 O-O 11.f4 b6 12.Ne2 Bb7 13.O-O Nf6 14.e5 Ng4 15.f5 Rad8
16.Bf4 cxd4 17.cxd4 Bxe5 18.Bxe5 Nxe5 19.dxe5 Qxe5 20.Rb3 Rd6 21.Qf4 Qxf4
22.Rxf4 Rfd8 23.Bc4 Rd1+ 24.Kf2 Bd5 25.Re3 Rd7 26.Bb5 Rc7 27.Rc3 Rc5 28.Rxc5  1-0

[Event "ISR-ch"]
[Site "Ramat Aviv"]
[Date "1998.11.23"]
[Round "5.2"]
[White "Mikhalevski, Victor"]
[Black "Liss, Eran"]
[Result "1-0"]
[WhiteElo "2540"]
[BlackElo "2505"]

1.d4 Nf6 2.c4 g6 3.Nc3 d5 4.cxd5 Nxd5 5.e4 Nxc3 6.bxc3 Bg7 7.Bc4 c5 8.Ne2 Nc6
9.Be3 O-O 10.O-O Bg4 11.f3 cxd4 12.cxd4 Na5 13.Bd3 Be6 14.Rc1 Bxa2 15.Qa4 Bb3
16.Qb4 b6 17.Bg5 f6 18.Bh4 Bf7 19.Bg3 e5 20.Ba6 b5 21.Bf2 Qb6 22.Ra1 Nc6
23.Qxb5 Nxd4 24.Nxd4 exd4 25.Qd3 Rad8 26.Rfb1 Qe6 27.Rb7 f5 28.exf5 Qxf5
29.Qxf5 gxf5 30.Bd3 Be6 31.Raxa7 Rf7 32.Bxf5 Bd5 33.Rxf7 Bxf7 34.Bd3 Bg6
35.Ra3 Rc8 36.Kf1 Be5 37.h3 Rb8 38.Bxg6 hxg6 39.Rd3 Rb4 40.h4 Kf7 41.f4 Bh8
42.Ke2 Ke6 43.Kf3 Kd5 44.g4 Rb8 45.Ra3 Kc4 46.Ra4+ Kb3 47.Ra6 d3 48.Rxg6 Rd8
49.Rb6+ Kc2 50.Be3 d2 51.Bxd2 Rxd2 52.g5 Kd3 53.h5 Bd4 54.Rd6 Rf2+ 55.Kg3 Rf1
56.h6 Rh1 57.Kg2 Rh5 58.Kf3 Rh1 59.Rd7 Rh2 60.h7  1-0

[Event "Wch U20 Girls"]
[Site "Calicut"]
[Date "1998.11.24"]
[Round "7"]
[White "Swati, Mohota"]
[Black "Xu Yuanyuan"]
[Result "1-0"]
[WhiteElo "2100"]
[BlackElo "2240"]

1.d4 Nf6 2.c4 g6 3.Nc3 d5 4.cxd5 Nxd5 5.e4 Nxc3 6.bxc3 Bg7 7.Bc4 c5 8.Be3 O-O
9.Ne2 Nc6 10.Rc1 a6 11.O-O Qc7 12.Qd2 Rd8 13.Bh6 Bh8 14.Qe3 Qd7 15.Bd5 Na5
16.dxc5 Qa4 17.Rcd1 Bd7 18.Rb1 Bb5 19.Bb3 Qa3 20.Nd4 Nxb3 21.Nxb5 Qxa2 22.Nc7 Nd2
23.Nd5 Rxd5 24.exd5 Nxb1 25.Qxe7 Qxd5 26.Rxb1 a5 27.c4 Qc6 28.Rxb7 Qe6 29.Qxe6 fxe6
30.c6 Be5 31.f4 Bd6 32.Rd7 Bc5+ 33.Kf1 a4 34.c7 Bb6 35.c5 Bxc7 36.Rxc7 a3
37.Bg7 a2 38.Ba1 Rb8 39.Ke2 Rb1 40.Rc8+ Kf7 41.Rc7+ Ke8 42.Be5 a1=Q 43.Bxa1 Rxa1
44.Rxh7  1-0

[Event "AUT-chT2M 9899"]
[Site "Austria"]
[Date "1998.11.29"]
[Round "3"]
[White "Maierhofer, Johann"]
[Black "Loeffler, Christoph"]
[Result "1/2-1/2"]
[WhiteElo "2160"]
[BlackElo "2055"]

1.c4 d5 2.cxd5 Nf6 3.Nc3 Nxd5 4.d4 g6 5.e4 Nxc3 6.bxc3 Bg7 7.Be3 c5 8.Qd2 Qa5
9.Bc4 cxd4 10.cxd4 Qxd2+ 11.Kxd2 Nc6 12.Ne2 O-O 13.Rhd1 Na5 14.Rac1 Bd7 15.Bd3 Ba4
16.Rh1  1/2-1/2

[Event "Young Masters 6th"]
[Site "Loures"]
[Date "1998.12.04"]
[Round "3"]
[White "Durao, Pedro"]
[Black "Carvalho, Alda"]
[Result "0-1"]
[WhiteElo "2140"]
[BlackElo "2110"]

1.d4 Nf6 2.c4 g6 3.Nc3 d5 4.cxd5 Nxd5 5.e4 Nxc3 6.bxc3 Bg7 7.Be3 c5 8.Bc4 O-O
9.Ne2 cxd4 10.cxd4 Nc6 11.O-O b6 12.Rc1 Na5 13.Bd5 Bb7 14.Bxb7 Nxb7 15.d5 Qd7
16.Nd4 Rfc8 17.Nc6 Nd8 18.Qa4 e6 19.Rfd1 exd5 20.exd5 Qb7 21.Bg5 f6 22.Bf4 b5
23.Qe4 Bf8 24.Nd4 Nf7 25.Ne6 Bd6 26.Bxd6 Nxd6 27.Qf4 Qe7 28.Rxc8+ Rxc8 29.Rc1 Rc4
30.Rxc4 bxc4 31.h4 c3 32.Qb4 c2 33.Qc3 Qb7 34.Qxc2 Qxd5 35.Nf4 Qe4 36.Qb3+ Qc4
37.Qb8+ Nc8 38.g3 Qc1+ 39.Kh2 Qc5 40.Nd3 Qc2 41.a4 Kf7 42.Qb7+ Ne7 43.Qe4 Qc6
44.Qd4 Qd5 45.Qe3 a5 46.Nf4 Qc4 47.Qb6 Qa2 48.Kg2 Qxa4 49.Qe6+ Kf8 50.Qxf6+ Ke8
51.Ne6 Qc6+ 52.Kh2 a4 53.Qf8+ Kd7 54.Nd4 Qd5 55.Nc2 Qc5 56.Na1 Qc3  0-1

[Event "Budapest FS12 IM-B"]
[Site "Budapest"]
[Date "1998.12.11"]
[Round "7"]
[White "Farago, Sandor"]
[Black "Eperjesi, Laszlo"]
[Result "1/2-1/2"]
[WhiteElo "2335"]
[BlackElo "2305"]

1.d4 Nf6 2.c4 g6 3.Nc3 d5 4.cxd5 Nxd5 5.e4 Nxc3 6.bxc3 Bg7 7.Nf3 c5 8.Bb5+ Bd7
9.Bxd7+ Qxd7 10.O-O cxd4 11.cxd4 Nc6 12.Be3 O-O 13.d5 Ne5 14.Nxe5 Bxe5 15.Rb1 f5
16.f4 Bg7 17.e5 Rfc8  1/2-1/2

[Event "BRA-ch"]
[Site "Itabirito"]
[Date "1998.12.12"]
[Round "2.2"]
[White "Leitao, Rafael"]
[Black "Borges, Wagner"]
[Result "1-0"]
[WhiteElo "2550"]
[BlackElo "2280"]

1.d4 Nf6 2.c4 g6 3.Nc3 d5 4.cxd5 Nxd5 5.e4 Nxc3 6.bxc3 Bg7 7.Nf3 c5 8.Rb1 O-O
9.Be2 cxd4 10.cxd4 Nc6 11.d5 Ne5 12.Nxe5 Bxe5 13.O-O b6 14.f4 Bg7 15.Ba3 Bb7
16.Qb3 Rc8 17.Rbc1 a6 18.Rxc8 Bxc8 19.e5 b5 20.Bf3 Qb6+ 21.Kh1 Re8 22.Rc1 Qd4
23.g3 Bf5 24.Bc5 Qd2 25.Be3 Qa5 26.g4 Bd7 27.e6 fxe6 28.dxe6 Bc8 29.f5 gxf5
30.gxf5 Bf6 31.Qc2 Qa3 32.Qg2+ Kh8 33.Bh6 Qb2 34.Qxb2 Bxb2 35.Rc7 Be5 36.Ra7 Bd4
37.Ra8 Rg8 38.h4 Bf6 39.Bg5 Kg7 40.Kh2 Be5+ 41.Kh1 Bf6 42.Ra7 h6 43.Bd2 Kh7
44.Bb4 Rg7 45.Rc7 a5 46.Bxa5 Rg3 47.Bc6 Ra3 48.Bb4 Ra4 49.a3 Ba6 50.h5 Kg8
51.Kg2 Kf8 52.Rd7 Kg8 53.Bd5 Kf8 54.Bb3  1-0

[Event "BL2-S9899"]
[Site "Germany"]
[Date "1998.12.13"]
[Round "3.5"]
[White "Taggatz, Mario"]
[Black "Oberst, Thomas"]
[Result "1/2-1/2"]
[WhiteElo "2220"]
[BlackElo "2315"]

1.d4 Nf6 2.c4 g6 3.Nc3 d5 4.cxd5 Nxd5 5.e4 Nxc3 6.bxc3 Bg7 7.Bc4 c5 8.Ne2 O-O
9.O-O Nc6 10.Be3 Qc7 11.Rc1 Rd8 12.Qd2 a6 13.Rfd1 b5 14.Bd3 e6 15.Bh6 Bb7
16.Bxg7 Kxg7 17.Qe3 Rac8 18.h4 cxd4 19.cxd4 Qb6 20.Bb1 Nxd4 21.Nxd4 Rxd4
22.Qg5 Rxc1 23.Rxc1 Qd8 24.f3 Qxg5 25.hxg5 Rd2 26.Kh2 Rd7 27.Rc5 f6 28.gxf6+ Kxf6
29.g4 g5 30.Kg3 e5 31.Bc2 Ke6 32.Bb3+ Kd6 33.Rc1 Ke7 34.Rh1 Kf6 35.Rh6+ Kg7
36.Re6 a5 37.Rxe5 a4 38.Bc2 Rd2 39.Rxb5 Rxc2 40.Rxb7+ Kg6 41.Rb6+  1/2-1/2

[Event "Groningen op"]
[Site "Groningen"]
[Date "1998.12.26"]
[Round "6"]
[White "Evseev, Denis"]
[Black "Koster, W."]
[Result "1-0"]
[WhiteElo "2470"]
[BlackElo "2325"]

1.d4 Nf6 2.c4 g6 3.Nc3 d5 4.cxd5 Nxd5 5.e4 Nxc3 6.bxc3 Bg7 7.Nf3 c5 8.Rb1 O-O
9.Be2 Nc6 10.d5 Na5 11.c4 Bg4 12.Nd2 Bxe2 13.Qxe2 Qd7 14.Bb2 e5 15.Bc3 b6
16.Bxa5 bxa5 17.O-O Qc7 18.Qe3 Rfb8 19.Rb5 Bf8 20.Rfb1 a6 21.Rxb8 Rxb8 22.Qd3 Rb6
23.g3 Qb8 24.a3 Bd6 25.Rxb6 Qxb6 26.Qb1 Qxb1+ 27.Nxb1 Kf8 28.Kf1 Ke8 29.Ke2 Kd7
30.Kd3 Kc7 31.Nc3 Bf8 32.Kc2 h5 33.h3 Kb7 34.Na4 Kc7 35.Nb2 Kd6 36.Nd3 Bh6
37.Kb3 Bd2 38.Kc2 Bh6 39.Nb2 Kc7 40.Na4 Kd6 41.Nb2 f6 42.Nd3 Bf8 43.Kb3 Bh6
44.Ka4 Bd2 45.Kb3 Bh6 46.Kc2 Bf8 47.f4 Bh6 48.Kb3 h4 49.fxe5+ fxe5 50.gxh4 Be3
51.Ne1 Bf4 52.Nf3 Ke7 53.Ka4  1-0

[Event "Ambassador op"]
[Site "Bern"]
[Date "1998.12.27"]
[Round "3"]
[White "Gofshtein, Leonid D"]
[Black "Herbrechtsmeier, Christof"]
[Result "1-0"]
[WhiteElo "2500"]
[BlackElo "2305"]

1.d4 Nf6 2.c4 g6 3.Nc3 d5 4.cxd5 Nxd5 5.e4 Nxc3 6.bxc3 Bg7 7.Bc4 O-O 8.Ne2 Qd7
9.h4 Qg4 10.Qd3 Qxg2 11.Rg1 Qh3 12.Qxh3 Bxh3 13.h5 Nc6 14.hxg6 hxg6 15.Nf4 Na5
16.Bxf7+ Rxf7 17.Nxh3 Rf3 18.Nf4 Rxc3 19.e5 Nc6 20.Be3 Rc2 21.Rxg6 Kh7 22.Kd1 Rc4
23.Ke2 Nxd4+ 24.Bxd4 Rxd4 25.Rh1+ Kg8 26.Rxg7+ Kxg7 27.Ne6+ Kf7 28.Nxd4 c5
29.Nf3 Ke6 30.Ke3 Rg8 31.Kf4 Rg2 32.Ng5+ Kd5 33.Rd1+ Kc6 34.Ne4 b5 35.e6 a5
36.Rd7 Rg7 37.Ng3 b4 38.Nf5 Rg2 39.Nxe7+ Kb5 40.Nf5 Rxf2+ 41.Ke4  1-0

[Event "Groningen op"]
[Site "Groningen"]
[Date "1998.12.28"]
[Round "8"]
[White "Sherbakov, Ruslan"]
[Black "Kreiman, Boris"]
[Result "1/2-1/2"]
[WhiteElo "2555"]
[BlackElo "2455"]

1.d4 Nf6 2.c4 g6 3.Nc3 d5 4.cxd5 Nxd5 5.e4 Nxc3 6.bxc3 Bg7 7.Be3 c5 8.Qd2 cxd4
9.cxd4 Nc6 10.Rd1 O-O 11.d5 Ne5 12.Be2 Bd7 13.f4 Ng4 14.Bxg4  1/2-1/2

[Event "Groningen op"]
[Site "Groningen"]
[Date "1998.12.30"]
[Round "10"]
[White "Evseev, Denis"]
[Black "Coenen, Norbert"]
[Result "1-0"]
[WhiteElo "2470"]
[BlackElo "2330"]

1.d4 Nf6 2.c4 g6 3.Nc3 d5 4.cxd5 Nxd5 5.e4 Nxc3 6.bxc3 Bg7 7.Nf3 c5 8.Rb1 O-O
9.Be2 b6 10.O-O Bb7 11.Qd3 e6 12.Bg5 Qd6 13.Qe3 Rc8 14.Rfd1 cxd4 15.cxd4 Nd7
16.Bb5 Rc2 17.Ba4 Rxa2 18.e5 Qd5 19.Bb3 Qa5 20.d5 Bxd5 21.Bxd5 exd5 22.e6 Nf6
23.exf7+ Kxf7 24.Rbc1 b5 25.Ne5+ Kg8 26.Bxf6 Bxf6 27.Nd7 Bg7 28.Qe6+ Kh8
29.Ne5 h6 30.Nxg6+ Kh7 31.Qf5 Re8 32.Ne7+ Kh8 33.Rc8 Rd8 34.Ng6+ Kg8 35.Qe6+  1-0